Statistiques concernant Arrondissements de Lyon sur une carte

Cliquez ici pour prendre le quiz!

Statistiques générales

  • Ce quiz a été pris 326 fois
    (325 depuis la dernière actualisation)
  • Le résultat moyen est 6 sur 9

Réponses sur la Carte

Les réponses sont colorées sur une échelle allant du rouge au vert en fonction du pourcentage des utilisateurs qui les ont devinées à leur premier essai. Vous pouvez retrouver ces pourcentages ci-dessous.
 

Statistiques - réponses

Réponse% Correct
1er
76%
8ème
76%
3ème
75%
2ème
74%
7ème
74%
6ème
72%
9ème
69%
5ème
67%
4ème
62%

Distribution des résultats

Percentile par nombre de réponses

% des personnes avec chaque résultat

Votre développement - résultats

Vous n’avez pas pris ce quiz depuis la dernière actualisation